000 00272nam a2200097Ia 4500
008 120527s9999 xx 000 0 und d
100 _aISRAEL, H.Stalnley
245 _aSeasonal contributions of draugt animals to activities in small scale em
260 _bDFID
942 _cBK
999 _c25135
_d25135